Phong tục Việt Nam : Phong tục gia đình, xã hội, lễ Tết

Phong tục tập quán Việt Nam và Thế giới chia làm 2 phần: Phần 1 viết về phong tục tập quán Việt Nam; Phần 2 viết về những phong tục tập quán của các nước trên Thế giới. Qua 2 phần của bộ sách, với hơn 300 đề mục lớn nhỏ, bằng phương...

Cijeli opis

Spremljeno u:
Bibliografski detalji
Format: Knjiga
Jezik:Undetermined
Izdano: Hà Nội Văn hóa Thông tin 2007
Teme:
Oznake: Dodaj oznaku
Bez oznaka, Budi prvi tko označuje ovaj zapis!
Thư viện lưu trữ: Trung tâm Học liệu Trường Đại học Cần Thơ
LEADER 01303nam a2200217Ia 4500
001 CTU_133302
008 210402s9999 xx 000 0 und d
020 |c 26500 
082 |a 394.09597 
082 |b Ph431 
245 0 |a Phong tục Việt Nam : 
245 0 |b Phong tục gia đình, xã hội, lễ Tết 
245 0 |c Thanh Liêm (Biên soạn) 
260 |a Hà Nội 
260 |b Văn hóa Thông tin 
260 |c 2007 
520 |a Phong tục tập quán Việt Nam và Thế giới chia làm 2 phần: Phần 1 viết về phong tục tập quán Việt Nam; Phần 2 viết về những phong tục tập quán của các nước trên Thế giới. Qua 2 phần của bộ sách, với hơn 300 đề mục lớn nhỏ, bằng phương pháp khảo luận khách quan, tác giả đã vẽ lên những bản sắc riêng biệt, tinh tế, phong phú, nhiều vẻ của xã hội Việt Nam cổ truyền cũng như những phong tục khác lạ của các nước khác trên Thế giới. 
650 |a Folklore,Văn hóa dân gian 
650 |z Vietnam,Việt Nam 
904 |i Trọng Hải 
980 |a Trung tâm Học liệu Trường Đại học Cần Thơ